The valuation of business, shares and other equity. (4th ed.) (Record no. 61210)

MARC details
000 -LEADER
fixed length control field 00710nam a2200193 a 4500
008 - FIXED-LENGTH DATA ELEMENTS--GENERAL INFORMATION
fixed length control field 120125s2007 ||||||||||||||||| || u
020 ## - INTERNATIONAL STANDARD BOOK NUMBER
International Standard Book Number 1865089702
050 ## - LIBRARY OF CONGRESS CALL NUMBER
Classification number HG 4028.V3 Lon
100 ## - MAIN ENTRY--PERSONAL NAME
Personal name Lonergan, Wayne
245 14 - TITLE STATEMENT
Title The valuation of business, shares and other equity. (4th ed.)
250 ## - EDITION STATEMENT
Edition statement 4th ed.
260 ## - PUBLICATION, DISTRIBUTION, ETC.
Place of publication, distribution, etc. Crows Nest, Australia:
Name of publisher, distributor, etc. Allen & Unwin
Date of publication, distribution, etc. 2007
300 ## - PHYSICAL DESCRIPTION
Extent xii, 783p.: ill.
350 ## - PRICE (NR) (BK AM CF MU VM SE) [OBSOLETE]
Price 0.00
650 ## - SUBJECT ADDED ENTRY--TOPICAL TERM
Topical term or geographic name entry element CORPORATIONS
650 ## - SUBJECT ADDED ENTRY--TOPICAL TERM
Topical term or geographic name entry element CORPORATIONS--VALUATION
650 ## - SUBJECT ADDED ENTRY--TOPICAL TERM
Topical term or geographic name entry element BUSINESS ENTERPRISES--VALUATION
995 ## - RECOMMENDATION 995 [LOCAL, UNIMARC FRANCE]
-- 0.00
-- CBU-MAIN LIBRARY (Kitwe)
-- 1
-- 0.00
-- 1
-- AVAILABLE
-- Feb 24, 2012
-- Main Library Open Access Collection
Holdings
Withdrawn status Lost status Source of classification or shelving scheme Damaged status Not for loan Home library Current library Shelving location Date acquired Total Checkouts Full call number Barcode Date last seen Price effective from Koha item type
          CBU-MAIN LIBRARY, KITWE. CBU-MAIN LIBRARY, KITWE.   11/30/2022   HG 4028.V3 Lon 742607 11/30/2022 11/30/2022 MONOGRAPH